000 00632nam a2200241Ia 4500
008 190123s9999 xx 000 0 und d
020 _a9780545341271
050 _bK395 2010
100 _aKerley, Barbara
245 4 _aThe extraordinary Mark Twain /
245 0 _cby Barbara Kerley ; illustrated by Edwin Fotheringham.
260 _aNew York, New York :
260 _bScholastic,
260 _c2010
300 _aunpaged :
300 _bcolored illustrations ;
300 _c27cm.
500 _a1090L
650 _aClemens, Susy.
650 _aTwain, Mark.
700 _aFotheringham, Edwin.
700 _aTitle.
999 _c361225
_d361225